00331nam a22000977a 4500008004100000082001500041100004300056245006700099260005800166300000900224230621b xxu||||| |||| 00| 0 eng d a328.4bCPA cCommonwealth Parliamentary Association aSummary of proceedings at the Thirteenth Parliamentary seminar aEnglandbCommonwealth Parliamentary Associationc1981 a114p